Statistiques concernant Focus sur: Ori - Tolkien

Cliquez ici pour prendre le quiz!

Statistiques générales

  • Ce quiz a été pris 10 fois
  • Le résultat moyen est 7 sur 9

Statistiques - réponses

Informations recherchéesRéponses% Correct
Couleur des cheveuxBrun
100%
Groupe auquel il appartientCompagnie de Thorin
100%
RoyaumesErebor
100%
Première apparitionLe Hobbit
100%
EspèceNain
100%
Ages durant lequel il vécutTroisième
100%
Moria
70%
Acteur l'interprétant dans les filmsAdam Brown
20%
Livre rédigé (partiellement)Livre de Mazarbul
10%

Distribution des résultats

Percentile par nombre de réponses

% des personnes avec chaque résultat

Votre développement - résultats

Vous n’avez pas pris ce quiz